|
|
|
|
| LEADER |
00000cam a2200000 7i4500 |
| 001 |
0000000489 |
| 005 |
20000823.0 |
| 020 |
0 |
0 |
|a 9251024243
|
| 090 |
0 |
0 |
|a 627.4
|b LOP 1993
|
| 100 |
1 |
0 |
|a LOPEZ Cadenas de Llano, F.
|
| 245 |
1 |
0 |
|a Torrent control and streambed stabilization
|c by F. López Cadenas de Llano
|
| 260 |
0 |
0 |
|a Rome :
|b Food and Agriculture Organization of the United Nations ; [Lanham, MD : UNIPUB, distributor] ,
|c 1993
|
| 300 |
|
|
|a 166 p.bill. ;
|c 24 cm.
|
| 440 |
0 |
0 |
|a FAO land and water development series, 0259-5284; n. 9
|
| 500 |
0 |
0 |
|a Bibliography: [p. p. 165-166]
|
| 650 |
0 |
0 |
|a Flood control
|
| 650 |
0 |
0 |
|a Flood dams and reservoirs
|x Design and construction
|
| 650 |
0 |
0 |
|a Food and Agriculture Organization
|
| 650 |
0 |
0 |
|a Stream channelization
|
| 999 |
|
|
|a 0000000107
|b Monograph
|c Open Shelf
|e Default branch
|